000 00366nam a2200145Ia 4500
008 100415s9999 xx 000 0 und d
082 _b13176
_a915.10457
100 _aNATIONAL GEOGRAPHIC SOCIETY
245 _aJourney into China
260 _aWASHINGTON
_c0
_bNGS
365 _b0
630 _aJourney into China
730 _aJourney into China
942 _cBOOK
999 _c596092
_d596089